Electronics for you

Detalles Bibliográficos
Formato: Electrónico Revista
Lenguaje:inglés
Publicado: New Delhi : Athena Information Solutions
Materias:
Acceso en línea:Full text available from Research Library: 05/01/2013 to present

MARC

LEADER 00000nas a2200000 a 4500
001 ssj0000912317
003 WaSeSS
005 20200512172242.0
006 m d
007 cr n
008 120522c20uu9999ii m| p|s|||||| |0eng d
035 |a (WaSeSS)ssj0000912317 
040 |a WaSeSS  |c WaSeSS  |d WaSeSS 
050 4 |a TK7800 
245 0 0 |a Electronics for you  |h [electronic resource]. 
260 |a New Delhi :  |b Athena Information Solutions 
310 |a Monthly 
506 |a License restrictions may limit access. 
588 |a Description based on: May 31, 2011, Article A269828978; title from title screen (INFOTRAC, viewed Apri 20, 2012). 
588 |a Latest issue consulted: April 4, 2012, Article A288486170 (viewed April 20, 2012). 
650 0 |a Electronics  |v Periodicals. 
655 0 |a Electronic journals. 
776 0 8 |i Print version:  |t Electronics for you  |x 0013-516X 
856 4 0 |z Full text available from Research Library: 05/01/2013 to present  |u https://search.proquest.com/publication/2029706